| 000 -LEADER |
| fixed length control field |
00675nam a22001457a 4500 |
| 008 - FIXED-LENGTH DATA ELEMENTS--GENERAL INFORMATION |
| fixed length control field |
220509b ||||| |||| 00| 0 eng d |
| 100 ## - MAIN ENTRY--PERSONAL NAME |
| Personal name |
Dhiman, Dimple and Sharma, Himani |
| 245 ## - TITLE STATEMENT |
| Title |
Does organizational trust mediate the CSR–OCB relationship: A PLS-SEM analysis |
| 260 ## - PUBLICATION, DISTRIBUTION, ETC. (IMPRINT) |
| Place of publication, distribution, etc |
Vikalpa: The Journal for Decision Makers |
| 300 ## - PHYSICAL DESCRIPTION |
| Extent |
46(4), Oct-Dec, 2021: p.223-235 |
| 650 ## - SUBJECT ADDED ENTRY--TOPICAL TERM |
| Topical term or geographic name as entry element |
Corporate social responsibility, Organizational trust, Organizational citizenship behaviour, Partial least square-structural equation modelling, Mediator. |
| 9 (RLIN) |
30998 |
| 773 ## - HOST ITEM ENTRY |
| Main entry heading |
Vikalpa: The Journal for Decision Makers |
| 906 ## - LOCAL DATA ELEMENT F, LDF (RLIN) |
| Subject DIP |
CORPORATE SOCIAL RESPONSIBILITY |
| 942 ## - ADDED ENTRY ELEMENTS (KOHA) |
| Item type |
Articles |